00341nam a22001097a 4500008004100000110005400041245003400095260006600129300001000195365000900205650001700214200728b ||||| |||| 00| 0 eng d aMinistry of information and Broad Casting, India.10a A career in the armed forces aDelhibMinistry of information and Broad Casting, Indiac1950 a50 p. d0.08 0aArmed Forces